00563nam a2200205Ia 4500003000400000005001700004008004100021020002900062040001700091082001800108100002100126245006800147250001200215260002500227300001400252650002200266650002700288650002000315700002200335IIN20251201114317.0250924s2024 xx 000 0 eng d cRs.475.00a9789354668777 aIINbEnglish a615.1 bSIN1 aSingh, Meharban 1 aDrug Dosages in Childrenc by Meharban Singh & Ashok K. Deorari a11th ed bCBSaNew Delhic2024 axx, 260p.1 aDrugvin Children1 aMedicinevfor Children1 aPediatricvDrug1 aDeorari, Ashok K.